The Journal of John Jourdain, 1608-1617, describing his experiences in Arabia, India, and the Malay Archipelago. Edited by William Foster, B.A.
Guardat en:
| Autor principal: | |
|---|---|
| Format: | Llibre |
| Idioma: | anglès |
| Publicat: |
Cambridge
Hakluyt Society
1905
|
| Edició: | 1a. ed |
| Col·lecció: | Hakluyt Society, Second series, 16
|
| Matèries: | |
| Etiquetes: |
Afegir etiqueta
Sense etiquetes, Sigues el primer a etiquetar aquest registre!
|
MARC
| LEADER | 00000nam a2200000 a 4500 | ||
|---|---|---|---|
| 001 | UCJ5749 | ||
| 003 | CL-VaPUC | ||
| 008 | 070124e19050000uk |||||||||||||||||eng|d | ||
| 082 | 0 | 4 | |a 910.4 |b JOU |2 21 |
| 100 | 0 | |a Jourdain, John |e author |9 511424 | |
| 245 | 1 | 4 | |a The Journal of John Jourdain, 1608-1617, describing his experiences in Arabia, India, and the Malay Archipelago. Edited by William Foster, B.A. |
| 250 | |a 1a. ed | ||
| 300 | |a lxxxii, 394 p | ||
| 942 | |c BK | ||
| 945 | |d 20070124 00:00:00 |a rinostro | ||
| 260 | |a Cambridge |b Hakluyt Society |c 1905 | ||
| 500 | |a Mapas conforme al índice | ||
| 600 | 0 | 7 | |a REVETT, WILLIAM |2 CL-VaPUC |9 511425 |
| 600 | 0 | 7 | |a FINCH, WILLIAM |2 CL-VaPUC |9 511426 |
| 650 | 0 | |a Viajes |9 257115 | |
| 650 | 7 | |a DIARIO |2 CL-VaPUC |9 441581 | |
| 650 | 0 | |a Comercio |9 255341 | |
| 650 | 0 | |a Geografía |9 259346 | |
| 650 | 0 | |a Cultura |9 269059 | |
| 650 | 7 | |a PORTUGUESES |2 CL-VaPUC |9 446290 | |
| 650 | 7 | |a HOLANDESES |2 CL-VaPUC |9 504311 | |
| 650 | 0 | |a Mapas |9 260844 | |
| 651 | 7 | |a MAR ROJO |2 CL-VaPUC |9 338608 | |
| 651 | 7 | |a SEYCHELLES |2 CL-VaPUC |9 510936 | |
| 651 | 7 | |a ARABIA |2 CL-VaPUC |9 334867 | |
| 651 | 0 | |a India |9 267804 | |
| 583 | |a last modification |c 20150507 05:33:28 |k Rodrigo Vera | ||
| 490 | 0 | |a Hakluyt Society, Second series, 16 | |
| 999 | |c 321858 |d 321856 | ||
| 952 | |0 0 |1 0 |4 0 |6 910_400000000000000_JOU_1905 |7 0 |8 X |9 400724 |a FDOBUD |b FDOBUD |d 2019-11-22 |i 1039164 |o 910.4 JOU 1905 |p 1039164 |r 2019-11-22 |w 2019-11-22 |y BK_X |k BUD | ||